00630nam a2200205 i 450000100060000000300090000600500170001500700030003200800410003510000300007624500990010625000120020526000350021730000220025249000290027461100430030370000210034683000290036785200280039646524ES-MaACL20251003063059.0t|030331s1964 sp ||||1| cat d1 aCongar, Yves, d1904-199510aDiari del Concili b: segons sessio / cYves M. J. Congar ; [traductor: Dom Just. M. Llorens]. a1ª ed. aBarcelona : bEstela, c[1964] a213 p. ; c20 cm.1 aConcili Vatica II ; v1204aConcilio Vaticano (n2º. d1962-1965)1 aLlorens, Just M.0 aConcili Vatica II ; v12 aES-MaACLjC-26042 55157